Culture Générale - Clic Quiz - 100 Hommes : Destins Divers - Statistiques

Statistiques générales
  • Ce quiz a été pris 69 fois
    57 depuis la dernière actualisation
  • Le résultat moyen est 29 sur 100
Statistiques - réponses
Hint Réponse % Correct
John Fitzgerald Kennedy Président des États-Unis Assassiné
89%
Jeff Bezos Multi Milliardaire
87%
Kurt Cobain Artiste mort à 27 ans (club des 27)
85%
Léonard de Vinci Peintre d un tableau vendu à 9 chiffres
83%
Abraham Lincoln Président des États-Unis Assassiné
83%
Nelson Mandela Prix Nobel de la paix
83%
Mark Zuckerberg Multi Milliardaire
81%
Jimi Hendrix Artiste mort à 27 ans (club des 27)
74%
Elon Musk Multi Milliardaire
74%
Martin Luther King Prix Nobel de la paix
74%
Bernard Arnault Multi Milliardaire
72%
Kobe Bryant Célébrité morte dans un crash d'hélicoptère
70%
Ayrton Senna Pilote F1 Mort suite à un accident mortel en compétition
70%
Jim Morrison Artiste mort à 27 ans (club des 27)
68%
Daniel Balavoine Célébrité morte dans un crash d'hélicoptère
68%
Michael Phelps Nageur Champion Olympique
68%
Paul Gauguin Peintre d un tableau vendu à 9 chiffres
66%
Tiger Woods Golfeur Vainqueur du Masters Augusta
64%
Paul Cézanne Peintre d un tableau vendu à 9 chiffres
64%
Bourvil Acteur dans le film Le Jour le Plus Long
57%
Hermann Göring Accusé au Procès de Nuremberg
55%
John Wayne Acteur dans le film Le Jour le Plus Long
55%
Aimé Jacquet Sélectionneur champion du Monde de Football
55%
Gustave Courbet Peintre d un tableau vendu à 9 chiffres
51%
Henry Fonda Acteur dans le film Le Jour le Plus Long
45%
Bernard Madoff Arnaqueur/Escroc
43%
Joachim Löw Sélectionneur champion du Monde de Football
43%
Rudolf Hess Accusé au Procès de Nuremberg
40%
Jules Bianchi Pilote F1 Mort suite à un accident mortel en compétition
40%
Robert Mitchum Acteur dans le film Le Jour le Plus Long
38%
Christophe Rocancourt Arnaqueur/Escroc
38%
Gilles Villeneuve Pilote F1 Mort suite à un accident mortel en compétition
38%
Vicente del Bosque Sélectionneur champion du Monde de Football
36%
Richard Burton Acteur dans le film Le Jour le Plus Long
34%
Charles Ponzi Arnaqueur/Escroc
32%
Alexis Vastine Célébrité morte dans un crash d'hélicoptère
30%
Ryan Lochte Nageur Champion Olympique
30%
Joseph Ratzinger Pape
30%
Kelly Slater Surfeur Champion du Monde
30%
Albert Speer Accusé au Procès de Nuremberg
28%
Brian Jones Artiste mort à 27 ans (club des 27)
28%
Khabib Nurmagomedov Combattant MMA parmi les meilleurs
28%
Karol Józef Wojtyła Pape
28%
Jimmy Carter Prix Nobel de la paix
28%
Marcello Lippi Sélectionneur champion du Monde de Football
28%
Marco Mouly Arnaqueur/Escroc
26%
Peter Moilhcu L'Intrus de cette liste...
26%
John Carpenter Réalisateur de la série TV Masters of Horror
26%
Franz von Papen Accusé au Procès de Nuremberg
23%
Mark Spitz Nageur Champion Olympique
23%
Dario Argento Réalisateur de la série TV Masters of Horror
23%
Georges Saint-Pierre Combattant MMA parmi les meilleurs
21%
Anderson Silva Combattant MMA parmi les meilleurs
21%
Jack Nicklaus Golfeur Vainqueur du Masters Augusta
19%
Joe Dante Réalisateur de la série TV Masters of Horror
19%
Wilhelm Frick Accusé au Procès de Nuremberg
17%
Jon Jones Combattant MMA parmi les meilleurs
17%
James A. Garfield Président des États-Unis Assassiné
17%
Caeleb Dressel Nageur Champion Olympique
15%
Phil Mickelson Golfeur Vainqueur du Masters Augusta
13%
Jorge Mario Bergoglio Pape
13%
Roland Ratzenberger Pilote F1 Mort suite à un accident mortel en compétition
13%
Theodore Roosevelt Prix Nobel de la paix
13%
Aristide Briand Prix Nobel de la paix
13%
Tobe Hooper Réalisateur de la série TV Masters of Horror
13%
Arnold Palmer Golfeur Vainqueur du Masters Augusta
11%
Willem de Kooning Peintre d un tableau vendu à 9 chiffres
11%
Randy Couture Combattant MMA parmi les meilleurs
9%
William McKinley Président des États-Unis Assassiné
9%
Mick Fanning Surfeur Champion du Monde
9%
Robert Johnson Artiste mort à 27 ans (club des 27)
6%
Matt Biondi Nageur Champion Olympique
6%
Meng Zhaoghu Prétend avoir été enlevé par des extraterrestres
6%
Gabriel Medina Surfeur Champion du Monde
6%
Curtis Straughter Victime de Jeffrey Dahmer
6%
Stevie Ray Vaughan Célébrité morte dans un crash d'hélicoptère
4%
Scott Scheffler Golfeur Vainqueur du Masters Augusta
4%
Joseph Laroche Mort lors du naufrage du Titanic
4%
Thomas Andrews Mort lors du naufrage du Titanic
4%
Archibald Butt Mort lors du naufrage du Titanic
4%
Tom Pryce Pilote F1 Mort suite à un accident mortel en compétition
4%
Andy Irons Surfeur Champion du Monde
4%
Oliver Lacy Victime de Jeffrey Dahmer
4%
Jeremiah Weinberger Victime de Jeffrey Dahmer
4%
Victor Lustig Arnaqueur/Escroc
2%
Colin McRae Célébrité morte dans un crash d'hélicoptère
2%
Wallace Hartley Mort lors du naufrage du Titanic
2%
William McMaster Murdoch Mort lors du naufrage du Titanic
2%
Larry Ellison Multi Milliardaire
2%
Pierre Roger de Beaufort Pape
2%
Travis Walton Prétend avoir été enlevé par des extraterrestres
2%
Barney Hill Prétend avoir été enlevé par des extraterrestres
2%
Mick Garris Réalisateur de la série TV Masters of Horror
2%
Alf Ramsey Sélectionneur champion du Monde de Football
2%
Joel Parkinson Surfeur Champion du Monde
2%
Errol Lindsey Victime de Jeffrey Dahmer
2%
Adriaan Floriszoon Pape
0%
Whitley Strieber Prétend avoir été enlevé par des extraterrestres
0%
Antonio Villas Boas Prétend avoir été enlevé par des extraterrestres
0%
Richard Guerrero Victime de Jeffrey Dahmer
0%
Aucun quiz correspondant
Distribution des résultats
% des personnes avec chaque résultat
Percentile par nombre de réponses
Votre historique - résultats
Vous n’avez pas pris ce quiz depuis la dernière actualisation